Die Nabataer : ein vergessenes Volk am Toten Meer 312 v. - 106 n. Chr. : Ausstellung der Prähistorischen Staatssammlung im Münchner Stadtmuseum 1.7. - 30. 9 1970 /

محفوظ في:

مؤلف مشترك: Museum fur Vor- und Fruhgeschichte.

مؤلفون آخرون: Vogelpohl, Christa

التنسيق: كتاب

اللغة: German

منشور في: Kallmunz (Opf.) : Verlag Michael Lassleben, 1970.

سلاسل: Kataloge der Prahistorischen Staatssammlung Munchen ; 13.

الموضوعات:

الوسوم: إضافة وسم

لا توجد وسوم, كن أول من يضع وسما على هذه التسجيلة!

رقم الطلب: DS154.22 .N31 1970

LEADER 01193nam a2200277Mc 4500
001 on1332212108
003 OSt
005 20241029085714.0
008 040309s1970 gw ab 000 0 ger d
999 |c 55602  |d 55602 
040 |c ARCE Library 
050 4 |a DS154.22 .N31 1970 
245 0 0 |a Die Nabataer :   |b ein vergessenes Volk am Toten Meer 312 v. - 106 n. Chr. : Ausstellung der Prähistorischen Staatssammlung im Münchner Stadtmuseum 1.7. - 30. 9 1970 /   |c [Katalogbearbeitung Christa Vogelpohl]. 
264 1 |a Kallmunz (Opf.) :   |b Verlag Michael Lassleben,   |c 1970. 
300 |a 119 pages ;  |b ill. (part col.), maps ;   |c 25 cm. 
490 1 |a Kataloge der prahistorischen Staatssammlung ;   |v 13. 
500 |a At head of title: Prähistorische Staatssammlung München, Münchner Stadtmuseum. 
504 |a Includes bibliographical references. 
650 0 |a Nabataeans -- Exhibitions. 
651 0 |a Petra (Extinct city) -- Exhibitions. 
651 0 |a Jordan -- Antiquities -- Exhibitions. 
700 1 |a Vogelpohl, Christa 
710 2 |a Museum fur Vor- und Fruhgeschichte.   |g Munchen. 
830 0 |a Kataloge der Prahistorischen Staatssammlung Munchen ;   |v 13. 
901 |a reviewed 
942 |2 lcc  |c BK